[Event "Nova Gorica op 28th"]
[Site "Nova Gorica"]
[Date "2024.01.27"]
[Round "2"]
[White "Orsatti, Marcello"]
[Black "Skrbec, Leon"]
[Result "0-1"]
[WhiteElo "1918"]
[BlackElo "2218"]
[PlyCount "56"]
[EventDate "2024.01.26"]
[EventType "swiss"]
[EventRounds "9"]
[EventCountry "SLO"]
[SourceTitle "CB06_2024"]
[SourceDate "2024.02.07"]
[SourceVersion "1"]
[SourceVersionDate "2024.02.07"]
[SourceQuality "1"]

1. c4 e5 2. g3 Nf6 3. Bg2 c6 4. Nc3 d5 5. cxd5 cxd5 6. d4 exd4 7. Qxd4 Nc6 8. Qa4 d4 9. Ne4 Nxe4 10. Bxe4 Bb4+ 11. Kf1 Be7 12. Nf3 Bh3+ 13. Kg1 0-0 14. Bxc6 bxc6 15. Qxd4 Rb8 16. Bf4 Qxd4 17. Nxd4 Rxb2 18. Bc1 Rb7 19. Nb3 Bf6 20. f3 Rxb3 21. axb3 Bxa1 22. g4 f5 23. Kf2 fxg4 24. Ba3 Bd4+ 25. Kg3 Be5+ 26. Kh4 g5+ 27. Kxg5 Bf4+ 28. Kh4 Rf6 0-1

[Event "Dubrovnik Advent op"]
[Site "Dubrovnik"]
[Date "2023.12.03"]
[Round "6"]
[White "Nikcevic, Nebojsa"]
[Black "Skrbec, Leon"]
[Result "1-0"]
[WhiteElo "2334"]
[BlackElo "2139"]
[PlyCount "49"]
[EventDate "2023.12.01"]
[EventType "swiss"]
[EventRounds "6"]
[EventCountry "CRO"]
[SourceTitle "CB49_2023"]
[SourceDate "2023.12.06"]
[SourceVersion "1"]
[SourceVersionDate "2023.12.06"]
[SourceQuality "1"]

1. Nf3 d5 2. c4 c6 3. e3 Nf6 4. Nc3 e6 5. d4 Nbd7 6. Bd3 Bd6 7. e4 dxe4 8. Nxe4 Nxe4 9. Bxe4 Nf6 10. Bc2 c5 11. 0-0 h6 12. Ba4+ Bd7 13. dxc5 Bxc5 14. Ne5 Bxa4 15. Qxa4+ Kf8 16. Be3 Bxe3 17. Qa3+ Qe7 18. Qxe3 g6 19. Rfd1 Kg7 20. Rd4 Rhd8 21. Rad1 a6 22. Rxd8 Rxd8 23. Rxd8 Qxd8 24. Qxh6+ Kg8 25. Qh8+ 1-0

[Event "Dubrovnik Advent op"]
[Site "Dubrovnik"]
[Date "2023.12.02"]
[Round "4"]
[White "Rozic, Slaven"]
[Black "Skrbec, Leon"]
[Result "0-1"]
[WhiteElo "2073"]
[BlackElo "2139"]
[PlyCount "110"]
[EventDate "2023.12.01"]
[EventType "swiss"]
[EventRounds "6"]
[EventCountry "CRO"]
[SourceTitle "CB49_2023"]
[SourceDate "2023.12.06"]
[SourceVersion "1"]
[SourceVersionDate "2023.12.06"]
[SourceQuality "1"]

1. d4 Nf6 2. c4 e6 3. Nc3 Bb4 4. e3 0-0 5. Nge2 d5 6. a3 Be7 7. Nf4 a6 8. c5 Nbd7 9. Be2 c6 10. Nd3 e5 11. Nxe5 Nxe5 12. dxe5 Nd7 13. b4 Nxe5 14. Bb2 Bf6 15. 0-0 Bf5 16. Na4 Qe7 17. Bd4 Rae8 18. Nc3 g6 19. a4 Nd7 20. Bg4 Bxg4 21. Qxg4 Be5 22. Ne2 f5 23. Qh3 a5 24. bxa5 Nxc5 25. Rab1 Bxd4 26. Nxd4 Ra8 27. Rfc1 Rxa5 28. Qh6 Qf6 29. h4 Rf7 30. Nf3 Ne6 31. Rb4 Qg7 32. Qxg7+ Kxg7 33. Ng5 Nxg5 34. hxg5 h6 35. gxh6+ Kxh6 36. Rcb1 g5 37. f3 Kg6 38. Kf2 Rh7 39. Rc1 Kf6 40. Rcb1 Ra7 41. Rc1 Ke7 42. Rcb1 Kd6 43. Rc1 Rh4 44. f4 gxf4 45. exf4 Rh7 46. Kf3 Re7 47. g4 Re4 48. Rcb1 fxg4+ 49. Kxg4 Rxb4 50. Rxb4 Kc5 51. Rb1 b6 52. Ra1 d4 53. f5 d3 54. Rc1+ Kd5 55. Rc3 Rxa4+ 0-1

[Event "Dubrovnik Advent op"]
[Site "Dubrovnik"]
[Date "2023.12.01"]
[Round "1"]
[White "Skrbec, Leon"]
[Black "Babic Sisinacki, Fran"]
[Result "1-0"]
[WhiteElo "2139"]
[BlackElo "1515"]
[PlyCount "96"]
[EventDate "2023.12.01"]
[EventType "swiss"]
[EventRounds "6"]
[EventCountry "CRO"]
[SourceTitle "CB49_2023"]
[SourceDate "2023.12.06"]
[SourceVersion "1"]
[SourceVersionDate "2023.12.06"]
[SourceQuality "1"]

1. d4 d5 2. c4 c6 3. Nc3 dxc4 4. e3 b5 5. a4 b4 6. Na2 e6 7. Bxc4 a5 8. Nf3 Nf6 9. 0-0 Bd6 10. Qc2 Bb7 11. e4 Be7 12. Be3 Qc8 13. Bd3 Nbd7 14. Rac1 h6 15. h3 0-0 16. Ne5 Nxe5 17. dxe5 Nd7 18. f4 Qc7 19. Qf2 Rfc8 20. b3 c5 21. Rc2 Nb6 22. Nc1 Qc6 23. f5 exf5 24. exf5 f6 25. Bb5 Qd5 26. exf6 Bxf6 27. Qg3 Bd4 28. f6 Bxe3+ 29. Qxe3 Rf8 30. fxg7 Rxf1+ 31. Bxf1 Qd4 32. Qxd4 cxd4 33. Rd2 Rd8 34. Ne2 d3 35. Nf4 Be4 36. Bxd3 Bxd3 37. Rxd3 Rxd3 38. Nxd3 Kxg7 39. Kf2 Kf6 40. Ke3 Nd5+ 41. Kd4 Nc3 42. Kc5 Kf5 43. Kb6 Ke4 44. Nc5+ Kd5 45. Nb7 Nxa4+ 46. Kxa5 Nc5 47. Nxc5 Kxc5 48. g4 Kd5 1-0

[Event "EU-ch U16 rapid"]
[Site "Terme Catez"]
[Date "2023.09.28"]
[Round "4"]
[White "Kovalchuk, Victor"]
[Black "Skrbec, Leon"]
[Result "0-1"]
[WhiteElo "1826"]
[BlackElo "2106"]
[PlyCount "60"]
[EventDate "2023.09.28"]
[EventType "swiss (rapid)"]
[EventRounds "9"]
[EventCountry "SLO"]
[SourceTitle "EXT 2024"]
[Source "ChessBase"]
[SourceDate "2023.10.10"]
[SourceVersion "1"]
[SourceVersionDate "2023.10.10"]
[SourceQuality "1"]

1. e4 c6 2. d4 d5 3. Nc3 dxe4 4. Nxe4 Bf5 5. Ng3 Bg6 6. Nf3 Nd7 7. Nh4 e6 8. Nxg6 hxg6 9. Qf3 Ngf6 10. Bd2 Bd6 11. 0-0-0 Qc7 12. Bc4 0-0-0 13. h3 Kb8 14. Kb1 Rhe8 15. Bg5 Rc8 16. Rhe1 c5 17. dxc5 Qxc5 18. Bb3 Qxg5 19. Rxd6 Nc5 20. Red1 Nxb3 21. Qxb3 Qc5 22. R6d4 Re7 23. R4d2 Rec7 24. f3 Qe5 25. Nf1 Nd5 26. Ka1 Rc6 27. a3 Rb6 28. Qa2 Nc3 29. f4 Qf6 30. Ne3 Nxa2 0-1

[Event "Pula op 35th"]
[Site "Pula"]
[Date "2023.06.20"]
[Round "4"]
[White "Vah, Denis"]
[Black "Skrbec, Leon"]
[Result "1/2-1/2"]
[WhiteElo "1908"]
[BlackElo "2181"]
[PlyCount "129"]
[EventDate "2023.06.17"]
[EventType "swiss"]
[EventRounds "9"]
[EventCountry "CRO"]
[SourceTitle "CBM 214 Extra"]
[Source "ChessBase"]
[SourceDate "2023.07.31"]
[SourceVersion "1"]
[SourceVersionDate "2023.07.31"]
[SourceQuality "1"]

1. d4 d6 2. Nf3 Nf6 3. c4 g6 4. Nc3 Bg7 5. e4 0-0 6. Be2 e5 7. 0-0 Nc6 8. d5 Nb8 9. Bg5 a5 10. Nd2 Nbd7 11. b3 Nc5 12. a3 h6 13. Be3 Qe7 14. b4 axb4 15. axb4 Rxa1 16. Qxa1 Na6 17. Rb1 Ng4 18. Bxg4 Bxg4 19. b5 Nc5 20. b6 cxb6 21. Rxb6 Rd8 22. Qa3 Bf8 23. Nb3 Nxb3 24. Qxb3 Ra8 25. h3 Bc8 26. Rb4 Ra1+ 27. Kh2 Qh4 28. Qb2 Re1 29. Qd2 Ra1 30. Qb2 Re1 31. Ra4 Rxe3 32. fxe3 f5 33. g3 Qg5 34. Qf2 Qd8 35. Ra8 Qc7 36. exf5 gxf5 37. Qe2 Kg7 38. g4 fxg4 39. Rxc8 Qxc8 40. Qxg4+ Qxg4 41. hxg4 Be7 42. Kg2 Kf7 43. Kf3 Ke8 44. Ke4 Bg5 45. Nd1 Ke7 46. Kf5 Kf7 47. e4 b6 48. Nf2 Be3 49. Nd3 Bd4 50. g5 hxg5 51. Kxg5 Be3+ 52. Kf5 Bd4 53. Nb4 Bc5 54. Nc6 Be3 55. Nd8+ Ke7 56. Nc6+ Kf7 57. Nxe5+ dxe5 58. Kxe5 Ke7 59. d6+ Kd7 60. Kd5 Bf4 61. e5 Bg3 62. e6+ Kd8 63. Kc6 Bf4 64. c5 bxc5 65. Kxc5 1/2-1/2

[Event "SLO-ch 33rd"]
[Site "Radenci"]
[Date "2023.05.02"]
[Round "9"]
[White "Skrbec, Leon"]
[Black "Sebenik, Matej"]
[Result "1/2-1/2"]
[WhiteElo "2094"]
[BlackElo "2523"]
[PlyCount "102"]
[EventDate "2023.04.25"]
[EventType "team-match"]
[EventRounds "9"]
[EventCountry "SLO"]
[SourceTitle "CBM 214 Extra"]
[Source "ChessBase"]
[SourceDate "2023.07.31"]
[SourceVersion "1"]
[SourceVersionDate "2023.07.31"]
[SourceQuality "1"]

1. Nf3 Nf6 2. c4 g6 3. b4 Bg7 4. Bb2 0-0 5. g3 d6 6. Bg2 e5 7. d3 a5 8. b5 Nbd7 9. 0-0 Nc5 10. Nc3 Re8 11. Nd2 h5 12. h4 Ng4 13. Nd5 c6 14. bxc6 bxc6 15. Nc3 Bd7 16. Nde4 Nxe4 17. Nxe4 Bf5 18. c5 Bxe4 19. dxe4 dxc5 20. Qc2 a4 21. Ba3 Qa5 22. Bxc5 Rab8 23. Bd6 Rbc8 24. Bc5 Red8 25. Rfd1 Rb8 26. a3 Rxd1+ 27. Rxd1 Rb5 28. Rc1 Rb3 29. Bf3 Bh6 30. e3 Qb5 31. Be2 Qb7 32. Bxg4 hxg4 33. Bb4 Bf8 34. Bxf8 Kxf8 35. Qc5+ Qe7 36. Qxc6 Rxa3 37. h5 Rd3 38. hxg6 a3 39. gxf7 Rd6 40. Qc8+ Rd8 41. Qxg4 Kxf7 42. Kg2 a2 43. Rh1 Qf6 44. Qe2 Ra8 45. Qc4+ Kg6 46. Ra1 Qa6 47. Qxa6+ Rxa6 48. f4 Ra3 49. Kf3 Kf6 50. g4 exf4 51. Kxf4 Ra4 1/2-1/2

[Event "SLO-ch 33rd"]
[Site "Radenci"]
[Date "2023.04.30"]
[Round "7"]
[White "Skrbec, Leon"]
[Black "Suta, Andraz"]
[Result "1-0"]
[WhiteElo "2094"]
[BlackElo "2294"]
[PlyCount "135"]
[EventDate "2023.04.25"]
[EventType "team-match"]
[EventRounds "9"]
[EventCountry "SLO"]
[SourceTitle "CBM 214 Extra"]
[Source "ChessBase"]
[SourceDate "2023.07.31"]
[SourceVersion "1"]
[SourceVersionDate "2023.07.31"]
[SourceQuality "1"]

1. Nf3 d5 2. c4 e6 3. g3 Nf6 4. Bg2 Be7 5. b3 0-0 6. Bb2 c5 7. 0-0 Nc6 8. e3 Ne4 9. d3 Bf6 10. Qe2 Bxb2 11. Qxb2 Qf6 12. Qxf6 Nxf6 13. Nc3 Rd8 14. Na4 b6 15. Rfd1 Bd7 16. cxd5 exd5 17. d4 cxd4 18. Nxd4 Nxd4 19. Rxd4 Rac8 20. Nb2 Bf5 21. Nd3 Bxd3 22. Rxd3 Kf8 23. Rad1 Rc2 24. a4 Rb2 25. e4 d4 26. R1d2 Rb1+ 27. Rd1 Rxd1+ 28. Rxd1 d3 29. f3 d2 30. Bf1 Rd4 31. Bc4 Nd7 32. Kf2 Ne5 33. Ke3 Rd8 34. Bd5 Rc8 35. Rxd2 f6 36. f4 Ng4+ 37. Kf3 h5 38. Bc4 Ke7 39. h3 Nh6 40. g4 hxg4+ 41. hxg4 Rc5 42. Rd5 Rc7 43. g5 Nf7 44. gxf6+ gxf6 45. Rh5 Nd6 46. Rh7+ Kd8 47. Rxc7 Kxc7 48. Bd5 Nc8 49. Kg4 Ne7 50. Bc4 Kd6 51. Kh5 Nc6 52. Kg6 Ke7 53. Kg7 Nd4 54. b4 a6 55. a5 bxa5 56. bxa5 Nc6 57. Bxa6 Nxa5 58. e5 f5 59. Kg6 Nc6 60. Kxf5 Nb4 61. Bc4 Nc6 62. Kg6 Kf8 63. Kf6 Ne7 64. f5 Nc6 65. e6 Ne7 66. Ke5 Nc6+ 67. Kd6 Nd4 68. Bd3 1-0

[Event "SLO-ch 33rd"]
[Site "Radenci"]
[Date "2023.04.25"]
[Round "1"]
[White "Babarovic, Fran"]
[Black "Skrbec, Leon"]
[Result "0-1"]
[WhiteElo "1527"]
[BlackElo "2094"]
[PlyCount "62"]
[EventDate "2023.04.25"]
[EventType "team-match"]
[EventRounds "9"]
[EventCountry "SLO"]
[SourceTitle "CBM 214 Extra"]
[Source "ChessBase"]
[SourceDate "2023.07.31"]
[SourceVersion "1"]
[SourceVersionDate "2023.07.31"]
[SourceQuality "1"]

1. e4 c5 2. Nc3 Nc6 3. g3 g6 4. Bg2 Bg7 5. d3 e6 6. Be3 d6 7. Qd2 Nge7 8. Bh6 Bxh6 9. Qxh6 Qb6 10. Nd1 Qa5+ 11. c3 Ne5 12. Qd2 0-0 13. f4 N5c6 14. h4 d5 15. h5 dxe4 16. f5 Qc7 17. Ne2 Nxf5 18. Qg5 exd3 19. Nf4 Qe5+ 20. Kf2 h6 21. Qg4 g5 22. Re1 Qd6 23. Nh3 Ne5 24. Qe4 d2 25. Re2 Nd3+ 26. Kg1 Nxg3 27. Qe3 Nxe2+ 28. Qxe2 Nf4 29. Nxf4 Qxf4 30. Nf2 Bd7 31. Nh3 Qg3 0-1

[Event "Nova Gorica op 27th"]
[Site "Nova Gorica"]
[Date "2023.03.21"]
[Round "7"]
[White "Budai, Leonardo"]
[Black "Skrbec, Leon"]
[Result "0-1"]
[WhiteElo "1918"]
[BlackElo "2144"]
[PlyCount "54"]
[EventDate "2023.03.16"]
[EventType "swiss"]
[EventRounds "9"]
[EventCountry "SLO"]
[SourceTitle "CBM 213 Extra"]
[Source "ChessBase"]
[SourceDate "2023.05.31"]
[SourceVersion "1"]
[SourceVersionDate "2023.05.31"]
[SourceQuality "1"]

1. e4 c5 2. Nf3 d6 3. d4 cxd4 4. Nxd4 Nf6 5. Nc3 a6 6. Be2 e5 7. Nb3 Be7 8. Be3 Be6 9. Bf3 0-0 10. 0-0 Nbd7 11. a4 Qc7 12. h3 Rac8 13. Qd2 Nb6 14. Na5 Rfd8 15. Rfd1 d5 16. Bxb6 Qxb6 17. Nxd5 Bxd5 18. exd5 e4 19. Bg4 Rxd5 20. Qe2 Rxd1+ 21. Rxd1 Nxg4 22. Qxg4 Rxc2 23. Qxe4 Qxf2+ 24. Kh1 Re2 25. Qg4 Re1+ 26. Kh2 Qg1+ 27. Kg3 Rxd1 0-1

[Event "Nova Gorica op 27th"]
[Site "Nova Gorica"]
[Date "2023.03.17"]
[Round "2"]
[White "Skrbec, Leon"]
[Black "Kozlovic, Jernej"]
[Result "0-1"]
[WhiteElo "2144"]
[BlackElo "1878"]
[PlyCount "118"]
[EventDate "2023.03.16"]
[EventType "swiss"]
[EventRounds "9"]
[EventCountry "SLO"]
[SourceTitle "CBM 213 Extra"]
[Source "ChessBase"]
[SourceDate "2023.05.31"]
[SourceVersion "1"]
[SourceVersionDate "2023.05.31"]
[SourceQuality "1"]

1. e4 e5 2. Nf3 Nc6 3. Bb5 Bc5 4. 0-0 Nd4 5. Nxd4 Bxd4 6. c3 Bb6 7. d4 c6 8. Bc4 d6 9. Qd3 Nf6 10. Nd2 0-0 11. Bb3 Qe7 12. Re1 exd4 13. cxd4 Bf5 14. Qc3 Rfe8 15. e5 dxe5 16. Rxe5 Qd7 17. Nf3 Bxd4 18. Rxe8+ Rxe8 19. Nxd4 Qxd4 20. Be3 Qxc3 21. bxc3 b6 22. a4 Be6 23. Bxe6 fxe6 24. a5 Nd5 25. axb6 axb6 26. Ra6 Nxe3 27. fxe3 Rb8 28. Ra7 Rd8 29. Rc7 c5 30. Rc6 Kf7 31. Rxb6 Rd3 32. c4 Rc3 33. Kf2 Rxc4 34. Kf3 Kf6 35. Rb7 h5 36. h3 g6 37. Rc7 Rc2 38. Rc8 c4 39. g3 Rc1 40. Ke4 Rg1 41. Kf3 Rc1 42. Ke4 c3 43. g4 h4 44. Rc5 g5 45. Rc8 c2 46. Rf8+ Ke7 47. Rc8 Kd7 48. Rc5 Kd6 49. Rc8 Ke7 50. Kd3 Rh1 51. Rxc2 Rxh3 52. Rg2 Rg3 53. Rxg3 hxg3 54. Ke2 Kd6 55. Kf3 Kd5 56. Kxg3 Ke4 57. Kf2 Kd3 58. Kf3 e5 59. e4 Kd4 0-1

[Event "EU-ch U16 30th"]
[Site "Antalya"]
[Date "2022.11.13"]
[Round "8"]
[White "Skrbec, Leon"]
[Black "Tarhan, Adar"]
[Result "0-1"]
[WhiteElo "2175"]
[BlackElo "2312"]
[PlyCount "63"]
[EventDate "2022.11.06"]
[EventType "swiss"]
[EventRounds "9"]
[EventCountry "TUR"]
[SourceTitle "EXT 2024"]
[Source "ChessBase"]
[SourceDate "2023.10.10"]
[SourceVersion "1"]
[SourceVersionDate "2023.10.10"]
[SourceQuality "1"]

1. e4 e5 2. Nf3 Nc6 3. Bb5 a6 4. Ba4 Nf6 5. 0-0 b5 6. Bb3 Bb7 7. d3 Bc5 8. Nc3 0-0 9. a4 b4 10. Ne2 d5 11. exd5 Nxd5 12. c3 Bb6 13. d4 exd4 14. cxd4 a5 15. Bc4 Nce7 16. Ng3 Ng6 17. Qb3 Qd7 18. Bd2 Rad8 19. Rfd1 Kh8 20. Bd3 Ndf4 21. Bxf4 Nxf4 22. Bf5 Qd6 23. d5 g6 24. Bd3 f5 25. Bf1 Qc5 26. Rd2 Rxd5 27. Rc2 Qd6 28. Ne2 Rd3 29. Qc4 Rxf3 30. Nxf4 Rxf4 31. Qd3 Rd4 32. Qf3 0-1

[Event "EU-ch U16 30th"]
[Site "Antalya"]
[Date "2022.11.08"]
[Round "3"]
[White "Djurovic, Peko"]
[Black "Skrbec, Leon"]
[Result "1/2-1/2"]
[WhiteElo "2019"]
[BlackElo "2175"]
[PlyCount "88"]
[EventDate "2022.11.06"]
[EventType "swiss"]
[EventRounds "9"]
[EventCountry "TUR"]
[SourceTitle "EXT 2024"]
[Source "ChessBase"]
[SourceDate "2023.10.10"]
[SourceVersion "1"]
[SourceVersionDate "2023.10.10"]
[SourceQuality "1"]

1. e4 c5 2. Nf3 d6 3. d4 cxd4 4. Nxd4 Nf6 5. Nc3 a6 6. h3 e5 7. Nde2 Be6 8. g4 h6 9. Bg2 Be7 10. 0-0 0-0 11. Be3 Qc7 12. Qd2 Nbd7 13. Nd5 Bxd5 14. exd5 Rfc8 15. Rac1 b5 16. Ng3 Bf8 17. f4 exf4 18. Bxf4 Re8 19. Nf5 Ne4 20. Qd3 Nec5 21. Qc3 Qb6 22. Kh1 Ne5 23. Rce1 Ncd7 24. Be3 Qb7 25. Nd4 b4 26. Qd2 Nc4 27. Qf2 Nc5 28. Bc1 Qd7 29. b3 Rxe1 30. Rxe1 Ne5 31. Nc6 Re8 32. Nxe5 dxe5 33. Bb2 f6 34. a3 bxa3 35. Bxa3 Nd3 36. cxd3 Bxa3 37. Ra1 Bf8 38. Be4 Rb8 39. Rxa6 Rxb3 40. Qf5 Qxf5 41. Bxf5 Rb8 42. Kg2 Rd8 43. Kf3 Bc5 44. Ke4 Kf7 1/2-1/2

[Event "Wch U16"]
[Site "Mamaia"]
[Date "2022.09.14"]
[Round "9"]
[White "Skrbec, Leon"]
[Black "Farokhi, Keyvan"]
[Result "1-0"]
[WhiteElo "2123"]
[BlackElo "2292"]
[PlyCount "117"]
[EventDate "2022.09.06"]
[EventType "swiss"]
[EventRounds "11"]
[EventCountry "ROU"]
[SourceTitle "CBM 210 Extra"]
[Source "ChessBase"]
[SourceDate "2022.11.30"]
[SourceVersion "1"]
[SourceVersionDate "2022.11.30"]
[SourceQuality "1"]

1. e4 c5 2. Nf3 d6 3. d4 cxd4 4. Nxd4 Nf6 5. Nc3 a6 6. f3 e5 7. Nb3 Be7 8. Be3 Be6 9. Qd2 0-0 10. Nd5 Nxd5 11. exd5 Bf5 12. c4 a5 13. Be2 Nd7 14. a4 b6 15. 0-0 Nc5 16. Nc1 Qd7 17. Bd1 Bg6 18. Ne2 f5 19. f4 Rac8 20. Nc3 Bf6 21. Bc2 h6 22. b3 Bh7 23. Rae1 Kh8 24. Nb5 Rg8 25. Qf2 Rcf8 26. fxe5 Bxe5 27. Bf4 Bxf4 28. Qxf4 Rf6 29. Qd4 Re8 30. h3 Rxe1 31. Rxe1 f4 32. Bd1 Bf5 33. Rf1 Be4 34. Nc3 Qf5 35. Nxe4 Qxe4 36. Qxe4 Nxe4 37. Re1 Nc5 38. Re8+ Kh7 39. Rb8 Nd7 40. Rb7 Rf7 41. Bg4 Ne5 42. Rxb6 Nxg4 43. hxg4 Rd7 44. Rb5 Kg6 45. Rxa5 Kg5 46. b4 Kxg4 47. Kf2 Kf5 48. Ra6 g5 49. a5 g4 50. b5 g3+ 51. Kf1 Ke4 52. b6 Kd3 53. Ra7 Rd8 54. b7 Re8 55. Ra8 Re2 56. b8Q Rf2+ 57. Kg1 Rc2 58. Qb3+ Kd2 59. Qxc2+ 1-0

[Event "Wch U16"]
[Site "Mamaia"]
[Date "2022.09.13"]
[Round "8"]
[White "Skrbec, Leon"]
[Black "Lamaze, Simon"]
[Result "0-1"]
[WhiteElo "2123"]
[BlackElo "2384"]
[PlyCount "144"]
[EventDate "2022.09.06"]
[EventType "swiss"]
[EventRounds "11"]
[EventCountry "ROU"]
[SourceTitle "CBM 210 Extra"]
[Source "ChessBase"]
[SourceDate "2022.11.30"]
[SourceVersion "1"]
[SourceVersionDate "2022.11.30"]
[SourceQuality "1"]

1. e4 c5 2. Nf3 Nc6 3. d4 cxd4 4. Nxd4 Nf6 5. Nc3 d6 6. Bg5 e6 7. Qd2 a6 8. 0-0-0 Bd7 9. f3 Nxd4 10. Qxd4 Be7 11. h4 Qc7 12. Kb1 b5 13. Ne2 h6 14. Be3 e5 15. Qd2 Be6 16. Nc3 h5 17. Nd5 Bxd5 18. exd5 Nd7 19. Bd3 Nc5 20. Bf2 Bf6 21. Rhe1 Kf8 22. g4 hxg4 23. fxg4 e4 24. Bxe4 Bxh4 25. Bxh4 Rxh4 26. Bf3 Re8 27. Rh1 Rxh1 28. Rxh1 Re5 29. Qf4 Nd7 30. Qb4 Ke7 31. b3 Qb6 32. a4 Qf2 33. Bd1 Rxd5 34. axb5 axb5 35. Re1+ Ne5 36. c4 Qc5 37. Qxc5 Rxc5 38. cxb5 Rxb5 39. Re4 Ke6 40. Kc2 g6 41. Be2 Rb8 42. Kc3 f5 43. gxf5+ gxf5 44. Rh4 Rf8 45. Kd4 Nc6+ 46. Ke3 Rb8 47. Bd1 Ke5 48. Rc4 Ne7 49. Bc2 Nd5+ 50. Kf3 Rh8 51. Ra4 Rh3+ 52. Kg2 Rc3 53. Bb1 Rxb3 54. Ba2 Ne3+ 55. Kf3 Rc3 56. Ra5+ d5 57. Ra8 Ng4+ 58. Ke2 f4 59. Kd2 Rh3 60. Bb1 f3 61. Bd3 Rh2+ 62. Kc3 Nf6 63. Rf8 Ne4+ 64. Kb3 Kd4 65. Bb5 f2 66. Kb4 Rh6 67. Rf3 Rf6 68. Rd3+ Ke5 69. Rd1 Ng3 70. Kc5 Ne4+ 71. Kb4 Rb6 72. Rf1 Nd6 0-1

[Event "Wch U16"]
[Site "Mamaia"]
[Date "2022.09.07"]
[Round "2"]
[White "Deviprasath, Sharvesh"]
[Black "Skrbec, Leon"]
[Result "1/2-1/2"]
[WhiteElo "2301"]
[BlackElo "2123"]
[PlyCount "95"]
[EventDate "2022.09.06"]
[EventType "swiss"]
[EventRounds "11"]
[EventCountry "ROU"]
[SourceTitle "CBM 210 Extra"]
[Source "ChessBase"]
[SourceDate "2022.11.30"]
[SourceVersion "1"]
[SourceVersionDate "2022.11.30"]
[SourceQuality "1"]

1. Nf3 d6 2. b3 e5 3. e3 g6 4. Bb2 Bg7 5. d4 e4 6. Nfd2 f5 7. c4 Nf6 8. Nc3 0-0 9. Qc2 c6 10. Be2 Na6 11. Ba3 Nc7 12. h3 Rf7 13. 0-0-0 d5 14. f4 Be6 15. Rdg1 Qd7 16. Nd1 Bf8 17. Bxf8 Kxf8 18. Nf2 c5 19. dxc5 d4 20. exd4 Qxd4 21. Nd1 Qxc5 22. g4 Rd7 23. g5 Ng8 24. h4 Rad8 25. Nb1 e3 26. Rh3 Rd2 27. Qc3 Rxe2 28. h5 Rdd2 29. Nxe3 Rxa2 30. hxg6 Rec2+ 31. Nxc2 Qxg1+ 32. Ne1 hxg6 33. Qe5 Qf2 34. Rf3 Qb6 35. Rd3 Ra5 36. Qb2 Rc5 37. Nc3 Bxc4 38. bxc4 Qxb2+ 39. Kxb2 Rxc4 40. Rd8+ Ne8 41. Nd3 Ne7 42. Kb3 Rc8 43. Rd7 Rc7 44. Rd8 a6 45. Ne5 b5 46. Nd7+ Kf7 47. Ne5+ Kf8 48. Nd7+ 1/2-1/2

[Event "EU-chT U18"]
[Site "Thessaloniki"]
[Date "2022.07.17"]
[Round "6.10"]
[White "Skrbec, Leon"]
[Black "Karkanas, Stylianos"]
[Result "1-0"]
[WhiteElo "2103"]
[BlackElo "1089"]
[PlyCount "65"]
[EventDate "2022.07.12"]
[EventType "team-swiss"]
[EventRounds "7"]
[EventCountry "GRE"]
[SourceTitle "CBM 209 Extra"]
[Source "ChessBase"]
[SourceDate "2022.09.30"]
[SourceVersion "1"]
[SourceVersionDate "2022.09.30"]
[SourceQuality "1"]
[WhiteTeam "Slovenia U18 II"]
[BlackTeam "Greece Triandria U18"]
[WhiteTeamCountry "SLO"]
[BlackTeamCountry "GRE"]

1. d4 Nf6 2. c4 g6 3. Nc3 Bg7 4. g3 0-0 5. Bg2 d6 6. Nf3 Nbd7 7. 0-0 e5 8. e4 Re8 9. Re1 a5 10. h3 exd4 11. Nxd4 Ne5 12. b3 Nfd7 13. f4 Nc6 14. Nxc6 bxc6 15. Bb2 Nc5 16. Qc2 Bd7 17. Rad1 Qc8 18. Kh2 a4 19. b4 Ne6 20. e5 a3 21. Bc1 Bf8 22. Ne4 Be7 23. exd6 cxd6 24. Nxd6 Bxd6 25. Rxd6 Nf8 26. Rxe8 Qxe8 27. Qc3 Qe2 28. Rd2 Qe1 29. b5 Rc8 30. Bxa3 cxb5 31. Bb2 f6 32. Qxf6 Qxd2 33. Qg7# 1-0

[Event "Wch U16 rapid"]
[Site "Rhodes"]
[Date "2022.05.01"]
[Round "5"]
[White "Hercegovac, Neven"]
[Black "Skrbec, Leon"]
[Result "1/2-1/2"]
[WhiteElo "1945"]
[BlackElo "1873"]
[PlyCount "71"]
[EventDate "2022.05.01"]
[EventType "swiss (rapid)"]
[EventRounds "9"]
[EventCountry "GRE"]
[SourceTitle "CBM 208 Extra"]
[Source "ChessBase"]
[SourceDate "2022.07.31"]
[SourceVersion "1"]
[SourceVersionDate "2022.07.31"]
[SourceQuality "1"]

1. e4 c5 2. Nf3 d6 3. d4 cxd4 4. Nxd4 Nf6 5. Nc3 a6 6. g3 e5 7. Nde2 Be6 8. Bg2 Be7 9. h3 Nbd7 10. g4 Nc5 11. Ng3 g6 12. Bh6 Qb6 13. b3 Rc8 14. 0-0 Qb4 15. Bg7 Rg8 16. Bxf6 Qxc3 17. Bxe7 Kxe7 18. Ne2 Qa5 19. f4 f6 20. Ng3 Nd7 21. Kh2 Qc3 22. Rc1 exf4 23. Rxf4 Ne5 24. Ne2 Qe3 25. Rf1 h5 26. Nf4 hxg4 27. Nxe6 gxh3 28. Nf4 Rc5 29. Nd5+ Rxd5 30. Qxd5 Ng4+ 31. Kh1 Qg3 32. Qxb7+ Ke6 33. Qd5+ Ke7 34. Qb7+ Ke6 35. Qd5+ Ke7 36. Qb7+ 1/2-1/2

[Event "EU-ch Hybrid U14"]
[Site "Tornelo INT"]
[Date "2021.10.15"]
[Round "7"]
[White "Aamodt, Peder Marcus"]
[Black "Skrbec, Leon"]
[Result "1-0"]
[WhiteElo "1808"]
[BlackElo "2091"]
[PlyCount "67"]
[EventDate "2021.10.15"]
[EventType "swiss"]
[EventRounds "9"]
[EventCountry "NET"]
[SourceTitle "EXT 2023"]
[Source "ChessBase"]
[SourceDate "2022.10.05"]
[SourceVersion "1"]
[SourceVersionDate "2022.10.05"]
[SourceQuality "1"]
[WhiteTeam "Norway"]
[BlackTeam "Slovenia"]
[WhiteTeamCountry "NOR"]
[BlackTeamCountry "SLO"]

1. d4 d5 2. c4 c6 3. Nf3 Nf6 4. Nc3 g6 5. g3 Bg7 6. Bg2 0-0 7. 0-0 dxc4 8. a4 Na6 9. e4 Bg4 10. Be3 Qc8 11. Qe2 Qe6 12. h3 Bxf3 13. Bxf3 h5 14. Bg2 Ne8 15. f4 f5 16. Rad1 fxe4 17. Nxe4 Nd6 18. d5 cxd5 19. Ng5 Qc8 20. Bxd5+ Kh8 21. Ne6 Nf5 22. Nxf8 Bxf8 23. Bf2 Nc7 24. Bxc4 Bg7 25. Qd3 Qf8 26. g4 Nd6 27. Bd4 Bxd4+ 28. Qxd4+ Kh7 29. Bd3 Kh6 30. f5 g5 31. f6 Ne6 32. Qe5 Qg8 33. fxe7 Ne8 34. Rf6+ 1-0

[Event "EU-ch Hybrid U14"]
[Site "Tornelo INT"]
[Date "2021.10.15"]
[Round "5"]
[White "Skrbec, Leon"]
[Black "Antonioudakis, Georgios"]
[Result "1-0"]
[WhiteElo "2091"]
[BlackElo "1882"]
[PlyCount "75"]
[EventDate "2021.10.15"]
[EventType "swiss"]
[EventRounds "9"]
[EventCountry "NET"]
[SourceTitle "EXT 2023"]
[Source "ChessBase"]
[SourceDate "2022.10.05"]
[SourceVersion "1"]
[SourceVersionDate "2022.10.05"]
[SourceQuality "1"]
[WhiteTeam "Slovenia"]
[BlackTeam "Greece"]
[WhiteTeamCountry "SLO"]
[BlackTeamCountry "GRE"]

1. e4 c5 2. Nf3 d6 3. d4 cxd4 4. Nxd4 Nf6 5. Nc3 a6 6. f3 e5 7. Nb3 Be6 8. Be3 Be7 9. Qd2 0-0 10. Nd5 Bxd5 11. exd5 Nbd7 12. c4 Rc8 13. Bd3 e4 14. fxe4 Ne5 15. Rc1 Nfg4 16. Rc2 Bh4+ 17. Kd1 Nxe3+ 18. Qxe3 Bg5 19. Qe2 Qd7 20. Nd4 Rfe8 21. Nf3 Bh6 22. Nxe5 Rxe5 23. Rf1 Rce8 24. g4 g6 25. Qg2 Kh8 26. b3 Qe7 27. Rcf2 Qg5 28. Kc2 R5e7 29. Qg3 Rxe4 30. Bxe4 Rxe4 31. h4 Qe7 32. g5 Bg7 33. Rxf7 Re2+ 34. Kd1 Qe4 35. Qc3 Re1+ 36. Rxe1 Qb1+ 37. Ke2 Qe4+ 38. Qe3 1-0